00645nam a2200157Ia 4500008004100000100002200041245016900063245003600232260005900268260000900327650001800336650001500354856002600369999001900395952007300414170221s9999 xx 000 0 und d aDesideria Cempaka aKeyboard Action End up Political Party: Understanding the Intertwining Relations of Social Media Activism, Citizenship, And the Dynamics of Democracy in Indonesia  cDesideria Cempaka, Wijaya Murti bOnline Journal of Communication and Media Technologies c2016 xCommunication xMedia Arts uhttp://www.ojcmt.net/ c309146d309146 001040aCLbCLd2017-02-21l0r2017-02-21 00:00:00w2017-02-21yFOJ